Methods of environmental impact assessment (Record no. 101307)
[ view plain ]
| 000 -LEADER | |
|---|---|
| fixed length control field | 01717cad a22002535a 4500 |
| 001 - CONTROL NUMBER | |
| control field | L9781841420127 |
| 008 - FIXED-LENGTH DATA ELEMENTS--GENERAL INFORMATION | |
| fixed length control field | 000000s2001 xxk f 001 0 eng d |
| 020 ## - INTERNATIONAL STANDARD BOOK NUMBER | |
| International Standard Book Number | 1841420123 |
| 035 ## - SYSTEM CONTROL NUMBER | |
| System control number | (Sirsi) u111924 |
| 041 0# - LANGUAGE CODE | |
| Language code of text/sound track or separate title | eng |
| 050 04 - LIBRARY OF CONGRESS CALL NUMBER | |
| Classification number | 711.1 $2 18 |
| 245 00 - TITLE STATEMENT | |
| Title | Methods of environmental impact assessment |
| 250 ## - EDITION STATEMENT | |
| Edition statement | 2nd ed. |
| 260 ## - PUBLICATION, DISTRIBUTION, ETC. | |
| Place of publication, distribution, etc. | London |
| Name of publisher, distributor, etc. | Spon Press |
| Date of publication, distribution, etc. | 2001 |
| 300 ## - PHYSICAL DESCRIPTION | |
| Extent | xiv, 492p. ; 24cm. |
| 350 ## - PRICE (NR) (BK AM CF MU VM SE) [OBSOLETE] | |
| Price | 20 |
| 520 ## - SUMMARY, ETC. | |
| Summary, etc. | Provides a practical up-to-date explanation of and guide to how environmental impact assessments (EIAs) are carried out for specific environment components (e.g. air, water, ecological systems, socio-economic systems). For each component it includes: a discussion of relevant regulations and standards; how baseline surveys are conducted; how impact predictions are made; what mitigation measures can be used; how the effectiveness of such measures should be monitored; and the limitations of the methods. This revised edition has a new second part, consisting of chapters on cross-cutting methods that can be applied to many of the environmental components discussed in the first part. Aimed at people who organise, review, and make decisions about EIA; environmental planners and managers; students taking first degrees in planning, ecology, geography, environmental studies and related subjects with an EIA content; and postgraduate students taking courses in EIA or environmental management. |
| 521 20 - TARGET AUDIENCE NOTE | |
| Target audience note | Advanced |
| 651 #4 - SUBJECT ADDED ENTRY--GEOGRAPHIC NAME | |
| Geographic name | International |
| 690 ## - LOCAL SUBJECT ADDED ENTRY--TOPICAL TERM (OCLC, RLIN) | |
| Topical term or geographic name as entry element | ENVIRONMENTAL AND LAND CONSULTANCY-ENVIRONMENTAL MANAGEMENT-ENVIRONMENTAL ASSESSMENT-ENVIRONMENTAL IMPACT ASSESSMENT |
| 700 1# - ADDED ENTRY--PERSONAL NAME | |
| Personal name | Morris, Peter |
| Relator term | Editor |
| 700 1# - ADDED ENTRY--PERSONAL NAME | |
| Personal name | Therivel, Riki |
| Relator term | Editor |
| 942 ## - ADDED ENTRY ELEMENTS (KOHA) | |
| Suppress in OPAC | 0 |
| Withdrawn status | Lost status | Source of classification or shelving scheme | Damaged status | Not for loan | Home library | Current library | Shelving location | Date acquired | Cost, normal purchase price | Total Checkouts | Full call number | Barcode | Date last seen | Date last checked out | Copy number | Cost, replacement price | Price effective from | Koha item type |
|---|---|---|---|---|---|---|---|---|---|---|---|---|---|---|---|---|---|---|
| Dewey Decimal Classification | London | London | Books | 10/09/2001 | 16.99 | 14 | 711.1 MOR | 30064876 | 06/08/2019 | 01/04/2010 | 1 | 16.99 | 06/08/2019 | Book |